<?xml version="1.0" encoding="UTF-8"?>
<record
    xmlns:xsi="http://www.w3.org/2001/XMLSchema-instance"
    xsi:schemaLocation="http://www.loc.gov/MARC21/slim http://www.loc.gov/standards/marcxml/schema/MARC21slim.xsd"
    xmlns="http://www.loc.gov/MARC21/slim">

  <leader>01404nam a22002897a 4500</leader>
  <datafield tag="999" ind1=" " ind2=" ">
    <subfield code="c">113517</subfield>
    <subfield code="d">113517</subfield>
  </datafield>
  <controlfield tag="003">dpl</controlfield>
  <controlfield tag="005">20190220123415.0</controlfield>
  <controlfield tag="008">190220b           ||||| |||| 00| 0 eng d</controlfield>
  <datafield tag="010" ind1=" " ind2=" ">
    <subfield code="a">B-094773</subfield>
  </datafield>
  <datafield tag="020" ind1=" " ind2=" ">
    <subfield code="c">200.00</subfield>
    <subfield code="a">8181600126</subfield>
  </datafield>
  <datafield tag="035" ind1=" " ind2=" ">
    <subfield code="a">B-094773, B-094781</subfield>
  </datafield>
  <datafield tag="037" ind1=" " ind2=" ">
    <subfield code="b">Cen Lib/Ret</subfield>
  </datafield>
  <datafield tag="040" ind1=" " ind2=" ">
    <subfield code="a">DPL</subfield>
    <subfield code="b">HN</subfield>
    <subfield code="c">0</subfield>
  </datafield>
  <datafield tag="082" ind1=" " ind2=" ">
    <subfield code="a">820.8</subfield>
    <subfield code="b">&#x92C;&#x93E;&#x902;&#x926;&#x93F;&#x935;</subfield>
  </datafield>
  <datafield tag="100" ind1=" " ind2=" ">
    <subfield code="a">&#x92C;&#x93E;&#x902;&#x926;&#x93F;&#x935;&#x921;&#x947;&#x915;&#x930;, &#x91A;&#x902;&#x926;&#x94D;&#x930;&#x915;&#x93E;&#x902;&#x924;</subfield>
    <subfield code="9">44241</subfield>
  </datafield>
  <datafield tag="245" ind1=" " ind2=" ">
    <subfield code="a">&#x92E;&#x939;&#x93E;&#x915;&#x93E;&#x935;&#x94D;&#x92F;&#x940;&#x92F; &#x92A;&#x94D;&#x930;&#x924;&#x93F;&#x92D;&#x93E; &#x915;&#x947; &#x927;&#x928;&#x940; &#x92A;&#x94D;&#x930;&#x947;&#x92E;&#x91A;&#x902;&#x926; /</subfield>
    <subfield code="c">&#x91A;&#x902;&#x926;&#x94D;&#x930;&#x915;&#x93E;&#x902;&#x924; &#x92C;&#x93E;&#x902;&#x926;&#x93F;&#x935;&#x921;&#x947;&#x915;&#x930; ; &#x938;&#x92E;&#x94D;&#x92A;&#x93E;&#x926;&#x915; &#x92A;&#x926;&#x94D;&#x92E;&#x91C;&#x93E; &#x918;&#x94B;&#x930;&#x92A;&#x921;&#x947;</subfield>
  </datafield>
  <datafield tag="246" ind1=" " ind2=" ">
    <subfield code="a">mahakavyeey pratibha ke dhani Pramchand /</subfield>
    <subfield code="b">by Chandrakant Baandivadekar ; sampadak Padmajaa Ghorpade</subfield>
  </datafield>
  <datafield tag="260" ind1=" " ind2=" ">
    <subfield code="a">&#x926;&#x93F;&#x932;&#x94D;&#x932;&#x940; </subfield>
    <subfield code="b">&#x938;&#x93E;&#x930;&#x94D;&#x925;&#x915; &#x92A;&#x94D;&#x930;&#x915;&#x93E;&#x936;&#x928; </subfield>
    <subfield code="c">2003</subfield>
  </datafield>
  <datafield tag="270" ind1=" " ind2=" ">
    <subfield code="b">&#x926;&#x93F;&#x932;&#x94D;&#x932;&#x940; </subfield>
    <subfield code="a">100&#x90F;, &#x917;&#x94C;&#x924;&#x92E; &#x928;&#x917;&#x930; </subfield>
    <subfield code="e">110049</subfield>
  </datafield>
  <datafield tag="300" ind1=" " ind2=" ">
    <subfield code="a">218&#x92A;&#x943;. </subfield>
    <subfield code="c">21&#x938;&#x947;&#x92E;&#x940; (&#x938;&#x91C;&#x93F;&#x932;&#x94D;&#x926;)</subfield>
  </datafield>
  <datafield tag="650" ind1=" " ind2=" ">
    <subfield code="a">&#x939;&#x93F;&#x928;&#x94D;&#x926;&#x940; -- &#x938;&#x93E;&#x939;&#x93F;&#x924;&#x94D;&#x92F; </subfield>
    <subfield code="9">52621</subfield>
  </datafield>
  <datafield tag="650" ind1=" " ind2=" ">
    <subfield code="a">&#x939;&#x93F;&#x928;&#x94D;&#x926;&#x940; -- &#x92A;&#x94D;&#x930;&#x947;&#x92E;&#x91A;&#x902;&#x926; -- &#x915;&#x939;&#x93E;&#x928;&#x93F;&#x92F;&#x93E;&#x902; </subfield>
    <subfield code="9">4213</subfield>
  </datafield>
  <datafield tag="650" ind1=" " ind2=" ">
    <subfield code="a">Hindi -- literature</subfield>
    <subfield code="9">52622</subfield>
  </datafield>
  <datafield tag="650" ind1=" " ind2=" ">
    <subfield code="a">Hindi - Premchand - Stories</subfield>
    <subfield code="9">52623</subfield>
  </datafield>
  <datafield tag="700" ind1=" " ind2=" ">
    <subfield code="a">&#x918;&#x94B;&#x930;&#x92A;&#x921;&#x947;, &#x92A;&#x926;&#x94D;&#x92E;&#x91C;&#x93E; </subfield>
    <subfield code="9">52624</subfield>
  </datafield>
  <datafield tag="942" ind1=" " ind2=" ">
    <subfield code="2">ddc</subfield>
    <subfield code="c">HN</subfield>
    <subfield code="h">820.8</subfield>
    <subfield code="m">&#x92C;&#x93E;&#x902;&#x926;&#x93F;&#x935;</subfield>
  </datafield>
  <datafield tag="952" ind1=" " ind2=" ">
    <subfield code="0">0</subfield>
    <subfield code="1">0</subfield>
    <subfield code="4">0</subfield>
    <subfield code="7">0</subfield>
    <subfield code="a">L</subfield>
    <subfield code="b">L</subfield>
    <subfield code="d">2015-08-12</subfield>
    <subfield code="e">Cen Lib/Ret</subfield>
    <subfield code="g">200.00</subfield>
    <subfield code="l">0</subfield>
    <subfield code="o">820.8 &#x92C;&#x93E;&#x902;&#x926;&#x93F;&#x935;</subfield>
    <subfield code="p">B-094773</subfield>
    <subfield code="r">2015-08-12 00:00:00</subfield>
    <subfield code="t">1</subfield>
    <subfield code="v">200.00</subfield>
    <subfield code="w">2015-08-12</subfield>
    <subfield code="y">HN</subfield>
  </datafield>
  <datafield tag="952" ind1=" " ind2=" ">
    <subfield code="0">0</subfield>
    <subfield code="1">0</subfield>
    <subfield code="2">ddc</subfield>
    <subfield code="4">0</subfield>
    <subfield code="7">0</subfield>
    <subfield code="8">NFIC</subfield>
    <subfield code="a">BL4</subfield>
    <subfield code="b">BL4</subfield>
    <subfield code="d">2019-02-20</subfield>
    <subfield code="e">BPPD/PUB</subfield>
    <subfield code="g">200.00</subfield>
    <subfield code="l">0</subfield>
    <subfield code="o">820.8 &#x92C;&#x93E;&#x902;&#x926;&#x93F;&#x935;</subfield>
    <subfield code="p">B-094781</subfield>
    <subfield code="r">2019-02-20 00:00:00</subfield>
    <subfield code="v">200.00</subfield>
    <subfield code="w">2019-02-20</subfield>
    <subfield code="y">HN</subfield>
  </datafield>
</record>
